000 02125cam a22004094i 4500
003 PE-LiUPU
005 20250731183400.0
008 150623s r 000 0 d
020 _a0870999060
035 _a(Sirsi) i9780870999062
040 _aPE-LiUPU
_bspa
_cPE-LiUPU
_erda
049 _aPRUA
082 0 4 _a709.320747471
_bE31
_221
110 2 _aThe metropolitan museum of art
245 1 0 _aEgyptian art in the age of the pyramids.
264 1 _aNew York :
_bThe Metropolitan Museum of Art,
_c1999.
300 _a536 páginas :
_bilustraciones, cuadros, fotos, gráficos ;
_c30 centímetros
336 _atext
_2rdacontent
337 _aunmediated
_2rdamedia
338 _avolume
_2rdacarrier
504 _aIncluye bibliografía, "glosario" p.494.
505 0 _aA brief history of the old kingdom. -The step pyramid precinct of king Djoser. -Pyramids and their temples. -The tombs of officials: Houses of eternity. -Old kingdom statues in their architectural setting. -Royal statuary. -Nonroyal statuary. -Reserve heads an enigma of old kingdom sculpture. -Royal reliefs. -The human image in old kingdom nonroyal reliefs. -furniture of the old kingdom. -Stone vessels luxury items with manifold implications. -Excavating the old kingdom from Khafre's valley temple to the governor's city at Balat. -Excavating the old kingdom the Giza necropolis and other Mastaba fields. -Excavating the old kingdom the egyptian archeologists.
526 _aP158
526 _aP146
526 _aP17
526 _aP12
526 _aP06
650 0 4 _aArte egipcio
_vExposiciones.
650 0 4 _aEgipto
_xAntigüedades
_vExposiciones.
650 0 4 _aEgipto
_xArquitectura
_vExposiciones.
942 _2ddc
_cBOOK
949 _a709.320747471 E31
_wDEWEY
_c1
_i48010
_lCCODEBUL1
_mBUL
_r0
_sY
_tBOOK
_u2015-6-24
_xTEOLOGIA
_PP35
_0COMPRA
_o.STAFF. Colección General
994 _aC0
_bPEPRU
596 _a1
999 _a709.320747471 E31
_wDEWEY
_c24481
_i48010
_f2021-11-11
_g5
_lCCODEBUL1
_mBUL
_r0
_sY
_tBOOK
_u2015-6-24
_xTEOLOGIA
_PP35
_0COMPRA
_o.STAFF. Colección General
_d24481
980 _81
_gALBERTO SANCHEZ Responsable de Automatización